|
|
|
|
| LEADER |
00000naa2a2200000 4500 |
| 001 |
178548 |
| 005 |
20231031165927.0 |
| 035 |
|
|
|a (RuTPU)RU\TPU\book\193555
|
| 090 |
|
|
|a 178548
|
| 100 |
|
|
|a 20100407d2008 k y0rusy50 ca
|
| 101 |
0 |
|
|a rus
|
| 102 |
|
|
|a RU
|
| 200 |
1 |
|
|a Проницаемость нефтегазовых пластов от Томска до моря Карского
|f В. Е. Пешков
|
| 320 |
|
|
|a Библиогр.: 1 назв.
|
| 463 |
|
0 |
|0 (RuTPU)RU\TPU\book\164908
|y 5-89503-079-3
|t Проблемы геологии и освоения недр
|o труды XII Международного симпозиума имени академика М. А. Усова студентов и молодых ученых, посвященного 100-летию первого выпуска горных инженеров в Сибири и 90-летию создания Сибгеолкома в России
|f Томский политехнический университет (ТПУ), Институт геологии и нефтегазового дела (ИГНД)
|v С. 422-423
|d 2008
|p 944 с.
|
| 610 |
1 |
|
|a нефтегазоносные пласты
|
| 610 |
1 |
|
|a нефтегазовые пласты
|
| 610 |
1 |
|
|a проницаемость
|
| 610 |
1 |
|
|a Томск
|
| 610 |
1 |
|
|a Карское море
|
| 610 |
1 |
|
|a труды учёных ТПУ
|
| 700 |
|
1 |
|a Пешков
|b В. Е.
|c российский геолог
|c профессор Томского политехнического университета
|g Викторин Евгеньевич
|2 stltpush
|3 (RuTPU)RU\TPU\pers\26097
|
| 801 |
|
1 |
|a RU
|b 63413507
|c 20100407
|
| 942 |
|
|
|c BK
|